| 000 | 01344nam a2200325 i 4500 | ||
|---|---|---|---|
| 001 | 22209 | ||
| 003 | ES-MaACL | ||
| 005 | 20250721063430.0 | ||
| 007 | t| | ||
| 008 | 021129s1986 sp ||||1| spa d | ||
| 017 |
_aM 42309-1986 _bOficina Depósito Legal Madrid |
||
| 020 | _a8439880448 | ||
| 040 | _cES-MaACL | ||
| 080 | _a929 Alfonso, Eduardo | ||
| 100 | 1 |
_aAlfonso, Eduardo, _d1896-1991 _eaut _919848 |
|
| 245 | 1 | 0 |
_aMis recuerdos : _bMi nacimiento, bautismo, infancia, juventud, educación, estudios, obras, aventuras, desventuras, audacias, temeridades, vejez, filosofía, testamento y postrimerías / _cEduardo Alfonso y Hernán. |
| 260 |
_aMadrid : _bEl autor, _c1986. |
||
| 300 |
_a199 p. : _bil. ; _c22 cm. |
||
| 490 | 1 | _aColección Sagitario | |
| 600 | 1 | 4 |
_aAlfonso, Eduardo, _d1896-1991 _919848 |
| 650 | 4 |
_910574 _aBiografías |
|
| 830 | 0 |
_aColección Sagitario _9226075 |
|
| 852 |
_aES-MaACL _jL-11900 _bR.113110 _923016 _cDEPO2 _xEncaudernación rústica con solapas |
||
| 852 |
_aES-MaACL _jL-11899 _bR.113167 _923015 _cDEPO2 _gDedicatoria autógrafa del autor _hDonación: Eduardo Alfonso y Hernán _xEncaudernación rústica con solapas |
||
| 903 |
_aAlfonso, Eduardo, _d1896-1991 _ednr _919848 |
||
| 942 |
_cMONOGRAFIA _n0 |
||
| 999 |
_c22209 _d22209 |
||